000 00627nam a2200229Ia 4500
003 OSt
005 20220923230753.0
006 a|||||r|||| 00| 0
007 ta
008 Pun
024 _a305,438
037 _cTextual
040 _aARTS
_cARTS
_bPun
041 _2Pun
_aPun
082 _aV58.N, 153M1
100 _aਜੋਸ, ਸੋਹਨ ਸਿੰਘ
245 0 _aਸੋਵੀਅਤ ਰੂਸ ਸਠ-ਸਾਲਾ ਗਭਰੂ
260 _c1981
650 _aਭਾਰਤੀਯ ਇਤਿਹਾਸ
942 _hV58.N, 153M1
_cTEXL
_2CC
999 _c387230
_d387230